Rekursive Folgen
Αποθηκεύτηκε σε:
| Κύριος συγγραφέας: | |
|---|---|
| Μορφή: | Βιβλίο |
| Γλώσσα: | German |
| Δημοσίευση: |
Berlin :
Deutscer Verlag der Wissenschaften,
1955
|
| Σειρά: | Kleine Erganzungsreihe zu den Hochschulbuchern fur Mathematik ;
; 11 |
| Θέματα: | |
| Ετικέτες: |
Προσθήκη ετικέτας
Δεν υπάρχουν, Καταχωρήστε ετικέτα πρώτοι!
|
MARC
| LEADER | 00000cam a2200000 i 4500 | ||
|---|---|---|---|
| 001 | 1/98505 | ||
| 008 | 081201s1955 ger d | ||
| 035 | |l 10102115 | ||
| 040 | |a GR-MY-UA |b gre |e aacr | ||
| 041 | 0 | |a ger | |
| 082 | 0 | |a 511.35 |2 (22) | |
| 100 | 1 | |a Markushevich, A. I. |q (Alekseaei Ivanovich), |d 1908-1979. | |
| 245 | 1 | 0 | |a Rekursive Folgen / |c von A.I. Markuschewitsch |
| 260 | |a Berlin : |b Deutscer Verlag der Wissenschaften, |c 1955 | ||
| 300 | |a 48 σ.; |c 20 εκ. | ||
| 490 | 1 | |a Kleine Erganzungsreihe zu den Hochschulbochern fur Mathematik |v ; 11 | |
| 650 | 0 | 0 | |a Recursive functions. |
| 830 | 0 | |a Kleine Erganzungsreihe zu den Hochschulbuchern fur Mathematik ; |v ; 11 | |
| 852 | |a INST |b SAMOS |c MAG |e 20081201 |h 511.35 MAR |p 005300029676 |q 005300029676 |t BK |y 0 | ||
| 901 | |a BIBL3-2008-3 | ||
| 909 | |a Σ |b 155304 | ||
| 970 | |a ΣΙΤΖΙΜΗ |b ΓΙΑΣΕΜΗ |z 2008/12/01 | ||